000 00437nam a2200157Ia 4500
008 090124s9999 xx 000 0 und d
082 _b6267
_a929
245 _a उच्च जीवितसरणी
250 _a1
260 _c1942
300 _a260
630 _a उच्च जीवितसरणी
700 _aकेसकर बी.बी.
730 _a उच्च जीवितसरणी
942 _cBOOK
999 _c120208
_d120208